Estatuto Tributario de Bogot ̀

Bibliographic Details
Main Author: Parra Ortiz, Harold Ferney
Format: eBook
Language:Spanish
Published: Bogot ̀: Editorial Nueva Legislacin̤, 2013
Subjects:
Online Access:http://www.vlex.com/source/11362

MARC

LEADER 00000nam a22000007a 4500
005 20130614114358.0
007 cr|||| ||||
008 130614e2013 ck |||||s|||| 00||0 spa d
020 |a 978-958-8802-04-6  
035 |a 11362 
040 |a vLex 
090 |c 4359  |d 4359 
100 1 0 |a Parra Ortiz, Harold Ferney  
245 1 0 |a Estatuto Tributario de Bogot ̀  |c / Harold Ferney Parra Ortiz   |h [Recurso electrn̤ico] 
256 |a Servicio en ln̕ea 
260 |a Bogot ̀:   |b Editorial Nueva Legislacin̤,   |c 2013 
300 |a 1 Recurso electrn̤ico 
506 |a Contenido solo disponible en los productos indicados  |d vLex Global   |d vLex Global (Academic Edition, excluding Law Schools)  |d vLex Global (U.S. Academic Edition, Law Schools)  |d vLex Global (U.S. Academic Edition, excluding Law Schools)  |d vLex Global (Academic Edition, Law Schools) 
650 4 |a Derecho tributario  |z Colombia 
740 |a vLex Libros (Servicio en ln̕ea) 
856 |a Acceso restringido  |u http://www.vlex.com/source/11362 
942 |c BOOK 
999 0 |a Taxation